| 000 | 00630nam a2200205Ia 4500 | ||
|---|---|---|---|
| 008 | 230125s9999 xx 000 0 und d | ||
| 020 | _a81-7505-411-5 | ||
| 041 | _aeng | ||
| 082 |
_a823 _bBOD |
||
| 100 |
_aBodhasarananda S (Pub.) _9112639 |
||
| 245 | _aThe Complete works of Swami Vivekananda : Volume 1 | ||
| 250 | _a 2nd Ed. | ||
| 260 |
_c2013 _bBodhasarananda S _aKolkata |
||
| 300 | _a560 | ||
| 440 |
_aThe complete works of Swami Vivekananda _9117192 |
||
| 500 | _aEnglish Literature;Literature;Swami Vivekananda; | ||
| 650 | _aEnglish Literature | ||
| 700 |
_aBodhasarananda S (Pub.) _9112639 |
||
| 999 |
_c94933 _d94933 |
||